| Поле | Инд. | ПП | Название | Значение |
|---|---|---|---|---|
| Тип записи | a | |||
| Библиографический уровень | b | |||
| 001 | Контрольный номер | RU/IS/BASE/142097149 | ||
| 005 | Дата корректировки | 20200522190747.1 | ||
| 084 | a | Индекс другой классификации/Индекс ББК | 60.561.9; 74.244.3 | |
| 100 | 1_ | a | Автор | Сорокина Н. Д. |
| 245 | a | Заглавие | Инновационное обучение: сущность и содержание | |
| 504 | a | Библиография | Библиогр. ссылки. - Примеч. | |
| 650 | a | Основная рубрика | образование | |
| a | Основная рубрика | общее образование (школьное образование) | ||
| a | Основная рубрика | социология | ||
| a | Основная рубрика | социология образования | ||
| 653 | a | Ключевые слова | инновационное обучение | |
| a | Ключевые слова | образовательные инновации | ||
| a | Ключевые слова | образовательный процесс | ||
| a | Ключевые слова | обучение | ||
| a | Ключевые слова | традиционное обучение | ||
| 773 | t | Заглавие источника | Вестник Московского университета. Серия 18, Социология и политология | |
| d | Дата издания источника | 2002 | ||
| g | Прочая информация | № 4. - С. 159 - 166 | ||
| w | Контрольный № источника | RU/IS/BASE/148578004 | ||
| 901 | t | Тип документа | b |